000 00684nam a22001937a 4500
003 OSt
005 20140310182439.0
008 130312t xxu||||| |||| 00| 0 eng d
020 _a9781416030805
050 _aRB 155
_b.T52 2007
100 _aNussbaum, Robert L.
_98598
245 _aThompson & Thompson genetics in medicine /
_cRobert L. Nussbaum, Roderick R. McInnes, Huntington F. Willard ; with clinical case studies updated and new cases prepared by Ada Hamosh.
260 _aPhiladelphia:
_bSaunders/Elsevier,
_cc2007.
300 _a585 p. :
_bill. (some col.) ;
_c28 cm.
650 _aGenetics Medical.
_98599
942 _2lcc
_cSSLC
999 _c13500
_d13500